000 00824nam a2200193Ia 4500
008 151121s9999||||xx |||||||||||||| ||und||
082 _aबा। वि।
082 _bHNW-74151
100 _aकृपाकान्त झा मठपति
245 _aहरियाणा-अमर शहीदों की कहानियाँ
260 _b"इतिहास शोध संस्थान, दिल्ली।"
260 _c--
300 _a100
600 _aकृपाकान्त झा मठपति
630 _aहरियाणा-अमर शहीदों की कहानियाँ
700 _aकृपाकान्त झा मठपति
730 _aहरियाणा-अमर शहीदों की कहानियाँ
942 _cBOOK
999 _c1255605
_d1255602